000 00781nam a2200253 a 4500
001
003 OSt
005 20201007105232.0
008 180410s2015 dr a r 000 0 spa d
020 _a9789945174298
040 _aDO-SdBNP
_bspa
_cDO-SdBNP
082 _a372.357
_bC569n
100 1 _a
_950027
245 0 0 _aCiencias naturales 7 :
_beducación básica /
_cdirección editorial Doris Arroba Jácome ; editora Denise Pineda Martínez
260 _aSanto Domingo :
_bSM
_c2015
300 _av. :
_bil. ;
_c28 cm.
490 1 _aProyecto Sé
_v7
590 _aInventariado, 2018/VM
650 7 _aCiencias Naturales
_xEnseñanza
_zLemb
_976782
700 _aArroba Jácome,Doris
_edir.
_922848
830 _aProyecto Sé
_n7
_976783
942 _2ddc
_cLF1
956 _aVMateo
999 _c48831
_d48831